000 03835nas1a22004091i 4500
001 RU\NLR\INFOCOMM20\5000019661
005 20240723105818.0
035 _a(NLR Aleph) 002383221
090 _a4607745
_c4607745
100 _a20041228b19761983|||y0rusy50 ca
101 0 _arus
102 _aRU
110 _aayuzz 0|y|
200 1 _aТранспортное строительство
_eРеф. сборник
_iСтроительство и электрификация железных дорог, СЦБ, связь и электроснабжение
_fЦентр. ин-т нормативных исследований и науч.-техн. информации "Оргтрансстрой" М-ва трансп. стр-ва
210 _aМ.
_d1976, 1978-1983
311 _aОбразовалось в результате объединения изд.: Транспортное строительство. Работы по электрификации железных дорог, СЦБ, связь и энергоснабжение (ш.: П10/4286) и ... Строительство железных дорог (ш.: П10/4210)
311 _aВ 1977 г. объединилось с изд.: Транспортное строительство. Строительство автомобильных дорог и аэродромов (ш.: П10/4227) и выходило под загл.: ... Строительство железных и автомобильных дорог и электрификация транспорта (ш.: П10/5358)
311 _aПрекр. на №4 1983
436 0 _12001#$aТранспортное строительство$iРаботы по электрификации, СЦБ, связь и энергоснабжение
_1852##$aNLR$jП10/4286
_tТранспортное строительство
436 0 _12001#$aТранспортное строительство$iСтроительство железных дорог
_1852##$aNLR$jП10/4210
_tТранспортное строительство
440 0 _12001#$aТранспортное строительство$iСтроительство железных и автомобильных дорог и электрификация транспорта
_1852##$aNLR$jП10/5358
_tТранспортное строительство
712 0 2 _aЦентральный институт нормативных исследований и научно-технической информации в транспортном строительстве
_cМосква
_4570
712 0 2 _aЦентральный институт совершенствования технологии строительства нормативных исследований и научно-технической информации в транспортном строительстве
_cМосква
_4570
801 1 _aRU
_bInfoComm
_c20041228
801 0 _aRU
_bNLR
_gPSBO
852 _aNLR
_jП10/5106
942 _cJOURNAL
980 _aRUSPER